000 00288nam a2200109Ia 4500
001 1268527
005 20260417145252.0
008 260417s9999 xx 000 0 und d
020 _a9786258159325
245 0 _aBenim Süper Gücüm Yok Ki!
_cHilal Çorbacıoğlu
260 _bKetebe Çocuk
999 _c1268527
_d1268527